| 000 | 00758nam a22002777a 4500 | ||
|---|---|---|---|
| 005 | 20240315153041.0 | ||
| 008 | 180427b xxu||||| |||| 00| 0 spa d | ||
| 020 | _a9789968482646 | ||
| 041 | _aESP | ||
| 082 | _a658.83 S194i | ||
| 100 |
_aSanabria Araya, Fabio _946951 |
||
| 245 | _aInvestigación de mercados: un enfoque práctico y descriptivo | ||
| 260 | _aCosta Rica | ||
| 260 | _bEUNED | ||
| 260 | _c2016 | ||
| 300 | _a372 páginas | ||
| 650 | _aINVESTIGACIÓN DE MERCADOS | ||
| 650 | _aPROCESO DE INVESTIGACIÓN | ||
| 650 | _aPLANTEAMIENTO DEL PROBLEMA | ||
| 650 | _aPLANTEAMIENTO DE OBJETIVOS | ||
| 650 | _aINSTRUMENTOS DE MEDICIÓN | ||
| 650 | _aINTERPRETACIÓN DE DATOS | ||
| 942 |
_cBK _2ddc |
||
| 999 |
_c10606 _d10606 |
||